[Event "Wch FIDE Online U18 Asia qual"]
[Site "Tornelo INT"]
[Date "2020.12.11"]
[Round "1"]
[White "Winkelman, Albert"]
[Black "Llanillo, Paul Matthew"]
[Result "0-1"]
[WhiteElo "2294"]
[BlackElo "1726"]
[PlyCount "70"]
[EventDate "2020.12.11"]
[EventType "swiss (rapid)"]
[EventRounds "7"]
[EventCountry "ISS"]
[SourceTitle "EXT 2022"]
[Source "ChessBase"]
[SourceDate "2021.10.06"]
[SourceVersion "1"]
[SourceVersionDate "2021.10.06"]
[SourceQuality "1"]

1. e4 e6 2. d4 d5 3. Nd2 dxe4 4. Nxe4 Bd7 5. Bd3 Bc6 6. Nf3 Nd7 7. 0-0 Ngf6 8. Ng3 Be7 9. c4 Bxf3 10. Qxf3 c6 11. h4 Qa5 12. a3 0-0 13. Be3 Rad8 14. b4 Qc7 15. Rfd1 Rfe8 16. Rac1 Nf8 17. Ne4 Nxe4 18. Qxe4 Bf6 19. h5 h6 20. Bb1 Rd7 21. g4 Red8 22. f4 a5 23. Kh1 axb4 24. axb4 Ra8 25. Rg1 Qd8 26. Rcd1 Ra3 27. g5 hxg5 28. Rg2 gxf4 29. Qxf4 e5 30. Qh6 exd4 31. Rdg1 Ng6 32. Rxg6 fxg6 33. Qxg6 d3 34. h6 Qe7 35. Qh7+ Kxh7 0-1